إدارة الموارد البشرية / (رقم التسجيلة. 116909)

تفاصيل مارك
000 -LEADER
fixed length control field 00507nam a22001697a 4500
005 - DATE AND TIME OF LATEST TRANSACTION
control field 20251108174737.0
008 - FIXED-LENGTH DATA ELEMENTS--GENERAL INFORMATION
fixed length control field 250721s2009 xx 000 0 ara d
082 14 - DEWEY DECIMAL CLASSIFICATION NUMBER
Classification number 658.3/نصر
100 1# - MAIN ENTRY--PERSONAL NAME
Personal name نصر الله، حنا
245 10 - TITLE STATEMENT
Title إدارة الموارد البشرية /
264 1# - PRODUCTION, PUBLICATION, DISTRIBUTION, MANUFACTURE, AND COPYRIGHT NOTICE
Place of production, publication, distribution, manufacture عمان :
Name of producer, publisher, distributor, manufacturer دار زهران للنشر و التوزيع،
Date of production, publication, distribution, manufacture, or copyright notice 2009.
300 ## - PHYSICAL DESCRIPTION
Extent 405ص.
650 17 - SUBJECT ADDED ENTRY--TOPICAL TERM
Topical term or geographic name as entry element ادارة الاعمال
650 17 - SUBJECT ADDED ENTRY--TOPICAL TERM
Topical term or geographic name as entry element ادارة الافراد
942 ## - ADDED ENTRY ELEMENTS (KOHA)
Source of classification or shelving scheme Dewey Decimal Classification
Koha item type كتب
المقتنيات
حالة السحب حالة الفقدان مصدر التصنيف حالة التلف غير قابل للإعارة المكتبة الرئيسية المكتبة الحالية موقع الرف تاريخ التزويد الرقم المتسلسل Total Checkouts رقم الإستدعاء تاريخ آخر ظهور تاريخ الفاتورة نوع المادة (كوها) الباركود
    Dewey Decimal Classification     المكتبة المركزية المكتبة المركزية مقتنيات قسم التزويد 28/07/2025 1295887   658.3/نصر 28/07/2025 28/07/2025 كتب  
    Dewey Decimal Classification     مكتبة أبو علندا العامة مكتبة أبو علندا العامة الإعارة 01/07/2009 1295888   658.3/نصر 28/07/2025 01/07/2009 كتب PLD00099616
    Dewey Decimal Classification     مكتبة الأميرة ايمان العامة مكتبة الأميرة ايمان العامة الإعارة 01/07/2009 1295889   658.3/نصر 28/07/2025 01/07/2009 كتب PLD00099617
    Dewey Decimal Classification     مكتبة الأميرة ايمان العامة مكتبة الأميرة ايمان العامة الإعارة 14/11/2013 461770   658.3/نصر 28/07/2025 14/11/2013 كتب PLD00286208
    Dewey Decimal Classification     مكتبة النصر العامة مكتبة النصر العامة الإعارة 28/03/2015 461781   658.3/نصر 28/07/2025 28/03/2015 كتب PLD00380054
    Dewey Decimal Classification     مكتبة صويلح العامة مكتبة صويلح العامة الإعارة 22/06/2019 461771   658.3/نصر 28/07/2025 22/06/2019 كتب PLD00454729
    Dewey Decimal Classification     مكتبة ومركز فرح مكتبة ومركز فرح الإعارة 01/07/2009 1295895   658.3/نصر 28/07/2025 01/07/2009 كتب PLD00099623
Implemented & Customized by: BBB with SCIT (Smart Chains for Information Technology)

Powered by Koha